| 000 | 00852nam a2200253 i 4500 | ||
|---|---|---|---|
| 001 | 186413 | ||
| 003 | ES-MaACL | ||
| 005 | 20250310063126.0 | ||
| 008 | 161108s2013 sp o |||| |dspa d | ||
| 020 | _a978-84-941939-4-1 | ||
| 080 | _a821.134.2-14"19" | ||
| 100 | 1 |
_aCortijo, César, _d1965- _9161060 |
|
| 245 | 1 | 0 |
_aPoemas españoles / _cCésar Cortijo. |
| 250 | _a1ª ed. | ||
| 260 |
_aMadrid : _bVitruvio, _c2013. |
||
| 300 |
_a132 p. : _b1 fot. ; _c24 cm. |
||
| 490 | 1 |
_aColección Baños del Carmen _v406 _aPoesía |
|
| 505 | 8 |
_aContiene: Apéndice ; _tPoemas americanos de Wright Cortijo,( _gp. 107-132) |
|
| 740 | 0 | 2 | _aPoemas americanos de Wright Cortijo. |
| 830 | 0 |
_aColección Baños del Carmen _v406 _9183030 |
|
| 852 |
_aES-MaACL _jE-7699 _gDedicatoria autógrafa del autor |
||
| 942 | _2udc | ||
| 999 |
_c186413 _d186413 |
||